Autizmus spektrumzavarral élő gyermekek óvodai integrációja esettanulmány alapján

Elmentve itt :
Bibliográfiai részletek
Szerző: Duma Gerda
További közreműködők: Molnár Éva (Témavezető)
Dokumentumtípus: Szakdolgozat
Megjelent: 2017
Tárgyszavak:
Online Access:http://diploma.bibl.u-szeged.hu/69434
LEADER 00719nta a2200169 i 4500
001 dipl69434
005 20180606151519.0
008 180606s2017 hu om 0|| zxx d
040 |a SZTE Diploma Repozitórium  |b hun 
041 |a zxx 
100 1 |a Duma Gerda 
245 1 0 |a Autizmus spektrumzavarral élő gyermekek óvodai integrációja esettanulmány alapján  |h [elektronikus dokumentum] /  |c Gerda Duma 
246 1 0 |a Integration of preschool children living in autism spectrum disorders based on a case study  |h [elektronikus dokumentum] 
260 |c 2017 
650 4 |a Bölcsészettudományok 
700 1 |a Molnár Éva  |e ths 
856 4 0 |u http://diploma.bibl.u-szeged.hu/id/eprint/69434/1/2016_Duma_Gerda_KY1VHN_SZ.pdf  |z Dokumentum-elérés